Fenomenología de la percepción. /

Guardado en:
Autor Principal: Merleau Ponty, Maurice
Formato: Libro
Publicado: Mexico : Fondo de Cultura económica, 1957
Materias:
Etiquetas: Agregar Etiqueta
Sin Etiquetas, Sea el primero en etiquetar este registro!
LEADER 00835nam a22002175a 4500
001 CEM.cems004374
005 20060216000000.0
008 130507s1957##################000#0#####d
003 CEMS
082 0 4 |a 152 
100 1 |a Merleau Ponty, Maurice 
245 1 0 |a Fenomenología de la percepción. / 
260 |a Mexico :  |b Fondo de Cultura económica,  |c 1957 
300 |a 506 p. 
505 0 |a La inteligencia de la percepción visual;las imagenes del pensamiento; los conceptos adquieren forma;representaciónes, signos simbolos;que es la abstracción;el lugar que le cabe a las palabras;Arte y pensamiento; La vision en la educación. 
653 |a Cogito 
653 |a Fenomenologia-percepcion 
653 |a Libertad 
653 |a Percepcion-psicología 
653 |a Temporalidad 
859 |a CEMS  |b BIB. CEMS - 11 de abril  |h 152  |i M547  |p 2037.74  |t Ej.1